00542nam a22001457a 4500040000800000082001800008100002000026245006300046260004900109300001200158942001200170999001900182952009800201952009700299 cDLC a306.2095bLUL aLei, Gao989033 aContemporary Chinese Society: Basic Systems and Daily Life aBeijingbChina Renmin University Pressc2018 a241p. : 2ddccBK c587872d587872 00102ddc4070aNITbNITd2022-02-15l0o306.2095 LULpNIT-13503r2022-02-15w2022-02-15yBK 00102ddc4070aNLSbNLSd2025-07-17l0o306.2095 LULpNLSD-285r2025-07-17w2025-07-17yBK